000 00384nam a2200145Ia 4500
005 20250729165739.0
008 250729s2014 xx 000 0 und d
041 _aeng
082 _a370.25 AKHI
100 _aMohamad Akthar Siddiui
_9231995
245 _aIn Service teacher Education
260 _aNew Delhi
_bA P H PUBLISHING
_c2014
300 _a150p
650 _aEducation
_9231996
999 _c239561
_d239561